[Event "29th Open"]
[Site "Cappelle la Grande FRA"]
[Date "2013.02.25"]
[Round "3.76"]
[White "Uhoda,P"]
[Black "Zawadzka,J"]
[Result "1-0"]
[WhiteElo "2104"]
[BlackElo "2374"]

1.e4 c5 2.Nc3 Nc6 3.Bb5 g6 4.Bxc6 dxc6 5.d3 e5 6.f4 Bg7 7.Nf3 exf4 8.Bxf4 Nf6
9.Qd2 O-O 10.Bh6 Qe7 11.Bxg7 Kxg7 12.O-O Ne8 13.e5 Bf5 14.Rae1 Rd8 15.Qf2 b6
16.Nh4 Bc8 17.Qg3 Kh8 18.Ne4 Rd4 19.Nf3 Rd5 20.Nfg5 h6 21.Nxf7+ Rxf7 22.Qxg6 Bf5
23.Rxf5 Rxf5 24.Qxf5 Rxe5 25.Qf4 Re6 26.Rf1 c4 27.Qf7 cxd3 28.cxd3 c5 29.b3 a5
30.Rf3 Qxf7 31.Rxf7 Nd6 32.Nxd6 Rxd6 33.Rf3 Kg7 34.Kf2 Rd4 35.Ke3 a4 36.Rf4 axb3
37.axb3 Rd6 38.Kd2 Kg6 39.Kc3 Kg5 40.Re4 Kf5 41.Rh4 Kg5 42.g3 Rf6 43.b4 Rf2
44.h3 Rf3 45.Rg4+ Kf5 46.bxc5 bxc5 47.Kc4 Re3 48.Rg8 Kf6 49.h4 Kf7 50.Rg4 Kf6
51.h5 Kf7 52.Rg6 Rf3 53.g4 Rg3 54.Kxc5 Rxd3 55.Rxh6 Rg3 56.Rg6 Rd3 57.Rd6 Rg3
58.Rd4 Kf6 59.Kd5 Re3 60.Re4 Rd3+ 61.Kc4 Rd1 62.Rd4 Re1 63.Rd6+ Ke7 64.Rg6 Kf7
65.Kd4 Re2 66.Rg5 Re1 67.h6 Rd1+ 68.Ke3 Re1+ 69.Kf2 Ra1 70.Kg3 Ra6 71.Rg7+ Kf8
72.g5 Ra4 73.Rb7 Kg8 74.g6 Ra3+ 75.Kf4 Ra4+ 76.Ke5 Ra5+ 77.Kd4 Ra8 78.Kc5 Rd8
79.Kc6 Ra8 80.Kc7  1-0

[Event "Zagreb Open A 2013"]
[Site "Zagreb CRO"]
[Date "2013.02.25"]
[Round "1.17"]
[White "Pfeifer,Ant"]
[Black "Zelic,Z"]
[Result "0-1"]
[WhiteElo "1973"]
[BlackElo "2404"]

1.e4 c5 2.Nc3 Nc6 3.Bb5 e6 4.Bxc6 bxc6 5.f4 Ne7 6.d3 Ng6 7.Nf3 d5 8.O-O Be7
9.b3 O-O 10.e5 f6 11.Ne2 a5 12.c4 a4 13.Bb2 Qc7 14.exf6 Bxf6 15.Bxf6 Rxf6
16.g3 e5 17.fxe5 Nxe5 18.Nxe5 Qxe5 19.Rxf6 gxf6 20.Rb1 Bg4 21.Kf2 Re8 22.bxa4 Qe3+  0-1

[Event "29th Open"]
[Site "Cappelle la Grande FRA"]
[Date "2013.02.27"]
[Round "6.125"]
[White "Kieffer,C"]
[Black "Colandrea,S"]
[Result "1-0"]
[WhiteElo "2152"]
[BlackElo "1817"]

1.Nf3 c5 2.e4 Nc6 3.Nc3 g6 4.d4 cxd4 5.Nxd4 Bg7 6.Be3 Nf6 7.Be2 O-O 8.Qd2 d6
9.O-O-O Ne5 10.f3 Bd7 11.g4 Rc8 12.h4 h5 13.gxh5 Nxh5 14.Rdg1 Nc4 15.Bxc4 Rxc4
16.Rg5 Qc7 17.Nd5  1-0

[Event "Zagreb Open A 2013"]
[Site "Zagreb CRO"]
[Date "2013.02.27"]
[Round "3.18"]
[White "Biti,O"]
[Black "Brankovic,L"]
[Result "1-0"]
[WhiteElo "2363"]
[BlackElo "2042"]

1.e4 c5 2.Nc3 Nc6 3.Bb5 e6 4.Bxc6 bxc6 5.d3 d5 6.f4 Nf6 7.Nf3 Ba6 8.e5 Nd7
9.O-O Be7 10.Re1 O-O 11.b3 Nb6 12.Ne2 Qc7 13.c4 Bc8 14.Ng3 Rd8 15.Qe2 a5
16.a4 Nd7 17.Qf2 Nf8 18.Nh5 Ng6 19.Be3 Qb6 20.Rab1 Bd7 21.g4 Rdb8 22.Ng3 Qc7
23.f5 Nf8 24.Kh1 d4 25.Bg5 Bxg5 26.Nxg5 h6 27.Nxf7 Kxf7 28.fxe6+ Kxe6 29.Rf1 Be8
30.Qf5+ Ke7 31.Qxf8+ Kd8 32.Nf5 Qf7 33.Qxc5 Qa7 34.Qf8 Qf7 35.Qh8 Kc7 36.Nxd4 Qg6
37.Qxg7+ Kb6 38.Qxg6 Bxg6 39.Nf5 h5 40.h3 Ra7 41.e6 Rh8 42.Kg2 Rah7 43.g5 Rf8
44.Nh4 Bxd3 45.Rxf8 Bxb1 46.Rf7 Rh8 47.e7 Re8 48.Kf3 Bc2 49.g6 Bxb3 50.Nf5 Kc7
51.Ng7  1-0

[Event "20th Bunratty Masters"]
[Site "Bunratty IRL"]
[Date "2013.03.01"]
[Round "1.4"]
[White "Murray,D"]
[Black "Wells,P"]
[Result "1/2-1/2"]
[WhiteElo "2141"]
[BlackElo "2491"]

1.e4 c5 2.Nf3 Nc6 3.Nc3 d6 4.d4 cxd4 5.Nxd4 Nf6 6.Bc4 e6 7.Be3 Be7 8.f3 O-O
9.Qd2 Nxd4 10.Qxd4 a6 11.a4 Bd7 12.O-O Rc8 13.Bb3 Bc6 14.a5 d5 15.exd5 Bxd5
16.Nxd5 Nxd5 17.Bxd5 exd5 18.Qd3 Re8 19.Bb6 Bc5+ 20.Bxc5 Rxc5 21.b4 Rc4 22.c3 Qc7
23.Rfe1 Rd8 24.Qxd5 h6 25.Qe5 Qxe5 26.Rxe5 Rxc3 27.Rae1 Rd2 28.R1e2 Rxe2
29.Rxe2 Rc4 30.Rb2 f5 31.Kf2 f4 32.g3 g5 33.gxf4 gxf4 34.Kg2 Kf7 35.Kh3 Kg6
36.b5 Kg5 37.bxa6 bxa6 38.Rb6 Rc2 39.Rxa6 Rf2 40.Ra8 Rxf3+ 41.Kg2 Ra3 42.a6 h5
43.a7 Kh4 44.Rf8 Ra2+ 45.Kg1 Rxa7 46.Rxf4+ Kh3 47.Rf3+ Kg4  1/2-1/2

[Event "29th Open"]
[Site "Cappelle la Grande FRA"]
[Date "2013.03.01"]
[Round "8.38"]
[White "Klasan,V"]
[Black "Kunin,V"]
[Result "1-0"]
[WhiteElo "2332"]
[BlackElo "2525"]

1.e4 c5 2.Nc3 Nc6 3.Nf3 e5 4.Bc4 Be7 5.d3 d6 6.O-O Nf6 7.Nh4 Bg4 8.f3 Be6
9.g3 O-O 10.Ng2 d5 11.exd5 Nxd5 12.Nxd5 Bxd5 13.Ne3 Bxc4 14.dxc4 Bg5 15.Nd5 Bxc1
16.Qxc1 Qd6 17.c3 Rad8 18.Rd1 Qg6 19.Qe3 b6 20.Qf2 h5 21.Rd2 Rfe8 22.Rad1 h4
23.Kg2 e4 24.Kf1 Qe6 25.Re2 Qh3+ 26.Qg2 Qf5 27.f4 hxg3 28.hxg3 Qg4 29.Rde1 f5
30.Ne3 Qg6 31.Nd5 Qg4 32.Ne3 Qg6 33.Nd5 Rd7 34.Rd2 Red8 35.Red1 Kf7 36.Ne3 Qe6
37.Rxd7+ Rxd7 38.Rxd7+ Qxd7 39.Qe2 g6 40.Qd1 Qxd1+ 41.Nxd1 g5 42.Ne3 Kg6
43.Kg2 Nd8 44.Nd5 Ne6 45.Kh3 Kh5 46.Nf6+ Kh6 47.Nd5 Kg6 48.Kg2 Ng7 49.Kh3 Ne6
50.Kg2 Kf7 51.Kf2 Nf8 52.Ke3 Ne6 53.fxg5 Nf8 54.Nf4 Kg7 55.g4 fxg4 56.Kxe4 Ng6
57.Kf5 g3 58.Nh5+ Kf7 59.Nxg3 Nh4+ 60.Ke5 Nf3+ 61.Kf4 Nh4 62.Nf5 Ng6+ 63.Ke4 Ke6
64.Ng7+ Kf7 65.Nh5 Nf8 66.Nf4 Nd7 67.Kd5 Ke7 68.b3 Nf8 69.Kc6  1-0

[Event "2nd Adriatico Open A"]
[Site "Montesilvano ITA"]
[Date "2013.03.01"]
[Round "1.3"]
[White "Di Primio,E"]
[Black "Altini,N"]
[Result "1/2-1/2"]
[WhiteElo "1982"]
[BlackElo "2349"]

1.e4 c5 2.Nc3 Nc6 3.Bb5 Nd4 4.Bc4 e6 5.Nf3 Nf6 6.O-O a6 7.d3 b5 8.Bb3 Nxb3
9.axb3 Bb7 10.Re1 Be7 11.h3 O-O 12.Bg5 d6 13.Qd2 Qc7 14.Ne2 Rac8 15.Ng3 c4
16.bxc4 bxc4 17.Nd4 Kh8 18.dxc4 Qxc4 19.b3 Qc3 20.Qxc3 Rxc3 21.Bd2 Rcc8 22.c4 Nd7
23.Rab1 g6 24.f3 Bh4 25.Kh2 Kg8 26.Red1 Nc5 27.Bb4 Ba8 28.Ba3 Be7 29.Nge2 Rfd8
30.Nc2 Rb8 31.b4 Nd7 32.b5 Ne5 33.Ne3 Rbc8 34.bxa6 Rc6 35.c5 Rxa6 36.cxd6 Bf8
37.Bc5 Ra2 38.Nc3 Ra6 39.Nb5 Ra2  1/2-1/2

[Event "TCh-ISL 2012-13"]
[Site "Reykjavik ISL"]
[Date "2013.03.02"]
[Round "7.8"]
[White "Ulfarsson,M"]
[Black "Karlsson,MiJ"]
[Result "1-0"]
[WhiteElo "2386"]
[BlackElo "2020"]

1.e4 c5 2.Nf3 Nc6 3.Nc3 Nf6 4.d4 cxd4 5.Nxd4 Qb6 6.Be3 Qxb2 7.Ndb5 Qb4 8.Rb1 Qa5
9.Bd2 Qd8 10.Nd5 Nxd5 11.exd5 Ne5 12.f4 a6 13.fxe5 axb5 14.Bxb5 e6 15.O-O Bc5+
16.Kh1 O-O 17.Qg4 f5 18.exf6 Rxf6 19.Bd3 exd5 20.Qh5 Be7 21.Bxh7+ Kf8 22.Qxd5 Rxf1+
23.Rxf1+ Bf6 24.Bb4+  1-0

[Event "29th ChessOrg Open"]
[Site "Bad Woerishofen GER"]
[Date "2013.03.03"]
[Round "3.4"]
[White "Calzetta Ruiz,M"]
[Black "Pap,M"]
[Result "0-1"]
[WhiteElo "2251"]
[BlackElo "2511"]

1.e4 c5 2.Nf3 Nc6 3.Nc3 e5 4.Bc4 d6 5.d3 Be7 6.O-O Nf6 7.Ng5 O-O 8.f4 Bg4
9.Qe1 exf4 10.Bxf4 Nd4 11.Qf2 h6 12.Nf3 Nxf3+ 13.gxf3 Bh3 14.Rfb1 Nh5 15.Be3 Bh4
16.Qe2 g5 17.Nd5 Kh7 18.Kh1 f5 19.Rg1 f4 20.Bd2 g4 21.Bc3 Qd7 22.e5 g3 23.e6 Bxe6
24.Nb6 axb6 25.Bxe6 Qc6 26.d4 Bf6 27.Qd3+ Kh8 28.d5 Qe8 29.Rae1 Ng7 30.Bg4 Qf7
31.hxg3 Rae8 32.Kg2 Bxc3 33.bxc3 Qf6 34.gxf4 Qxf4 35.Rh1 Rxe1 36.Rxe1 h5
37.Rh1 Qg5 38.Kf2 Qxg4  0-1

[Event "29th ChessOrg Open"]
[Site "Bad Woerishofen GER"]
[Date "2013.03.05"]
[Round "5.27"]
[White "Jicman,L"]
[Black "Woerl,R"]
[Result "1-0"]
[WhiteElo "2145"]
[BlackElo "2054"]

1.e4 c5 2.Nf3 Nc6 3.Nc3 Nf6 4.d4 cxd4 5.Nxd4 e5 6.Ndb5 d6 7.Nd5 Nxd5 8.exd5 Nb8
9.c4 Bd7 10.Nc3 Na6 11.Be2 Be7 12.O-O O-O 13.a3 f5 14.b4 Qc7 15.f4 Bf6 16.Be3 Rae8
17.Rc1 Qb8 18.c5 dxc5 19.bxc5 Nc7 20.Qd2 Qd8 21.Rb1 exf4 22.Bd4 Rxe2 23.Nxe2 Nxd5
24.Bxf6 Nxf6 25.Rxb7 Qc8 26.Qb4 a5 27.Qb6 f3 28.gxf3 Nd5 29.Qa7 Qc6 30.Rxd7 Qg6+
31.Kh1 Nf6 32.Rg1 Ng4 33.Rxg7+  1-0

[Event "29th ChessOrg Open"]
[Site "Bad Woerishofen GER"]
[Date "2013.03.05"]
[Round "5.67"]
[White "Hamlack,H"]
[Black "Schreib,Marc"]
[Result "1-0"]
[WhiteElo "1993"]
[BlackElo "1845"]

1.e4 c5 2.Nc3 Nc6 3.Bb5 a6 4.Bxc6 dxc6 5.f4 Nf6 6.Nf3 g6 7.d3 Bg7 8.a4 O-O
9.Be3 Qb6 10.a5 Qxb2 11.Na4 Qb5 12.Bd2 c4 13.Ne5 c5 14.Nb6 Rb8 15.Rb1 Qe8
16.Nbxc4 Nd7 17.Nf3 Qd8 18.O-O Qc7 19.Qe1 Qc6 20.Qg3 b5 21.axb6 Nxb6 22.f5 Bd7
23.Bf4 Nxc4 24.Rxb8 Rxb8 25.Bxb8 Ne3 26.Rb1 Nxc2 27.Be5 f6 28.Rb8+ Kf7 29.fxg6+ hxg6
30.Qf2 Nb4 31.Ng5+  1-0

[Event "TCh-CAT Div Hon 2013"]
[Site "Catalonia ESP"]
[Date "2013.03.09"]
[Round "8.4"]
[White "Vila Gazquez,X"]
[Black "Libiszewski,F"]
[Result "1-0"]
[WhiteElo "2455"]
[BlackElo "2495"]

1.e4 c5 2.Nc3 Nc6 3.Nge2 g6 4.d4 cxd4 5.Nxd4 Bg7 6.Nf3 d6 7.h3 Nf6 8.Be2 O-O
9.O-O b6 10.Re1 Bb7 11.Bf1 Rc8 12.Bg5 h6 13.Bf4 Na5 14.Qd2 g5 15.Bh2 Nc4
16.Bxc4 Rxc4 17.Qd3 Qc8 18.Nd2 Rxc3 19.Qxc3 Qxc3 20.bxc3 Nd7 21.Nb1 Ne5 22.Bxe5 Bxe5
23.a4 Rc8 24.a5 b5 25.a6 Bc6 26.Ra5 Bd7 27.Re3 Rc5 28.Rd3 Bc6 29.f3 Kf8 30.Kf1 Ke8
31.c4 Rxc4 32.Na3 Rc5 33.c4 bxc4 34.Rxc5 dxc5 35.Nxc4 Bc7 36.Rb3 Kd7 37.Ke2 Kc8
38.Kd3 f6 39.Ne3 h5 40.Kc4 Bd6 41.Rb1 h4 42.Nd1 Kc7 43.Nf2 Bd7 44.Rb7+ Kc6
45.Nd3 Be6+ 46.Kc3 Bc8 47.Rxa7 Kb6 48.Ra8 Bxa6 49.e5 fxe5 50.Rg8 c4 51.Nb4 Bb7
52.Rxg5 e4 53.fxe4 Bxe4 54.Kxc4 Bg3 55.Nd5+ Kb7 56.Ne3 Kc6 57.Nf5 Bxg2 58.Nxg3 hxg3
59.Rxg3 Bd5+ 60.Kd4 Kd6 61.Rg5 e6 62.h4 Ke7 63.Ke5 Kf7 64.h5 Bb3 65.h6  1-0

[Event "TCh-CAT Div Hon 2013"]
[Site "Catalonia ESP"]
[Date "2013.03.09"]
[Round "8.2"]
[White "Torrecillas Martinez,A"]
[Black "Munoz Pantoja,M"]
[Result "1-0"]
[WhiteElo "2407"]
[BlackElo "2479"]

1.e4 c5 2.Nf3 Nc6 3.Nc3 Nf6 4.d4 cxd4 5.Nxd4 e5 6.Ndb5 d6 7.Bg5 a6 8.Na3 b5
9.Nd5 Be7 10.Bxf6 Bxf6 11.c3 O-O 12.Nc2 Bg5 13.a4 bxa4 14.Rxa4 a5 15.Bc4 Rb8
16.b3 Kh8 17.Nce3 g6 18.h4 Bxh4 19.g3 Bg5 20.Qd3 f5 21.f4 exf4 22.gxf4 Bh4+
23.Kd1 fxe4 24.Qxe4 Bf5 25.Nxf5 gxf5 26.Qd3 Rb7 27.Ra2 Rg7 28.Rah2 Rg4 29.Ne3 Rxf4
30.Ng2 Ne5 31.Qd5 Rxc4 32.bxc4 Qb6 33.Rxh4 Rf7 34.Qa8+  1-0

[Event "TCh-CAT Div Hon 2013"]
[Site "Catalonia ESP"]
[Date "2013.03.09"]
[Round "8.9"]
[White "Lopez Agustench,E"]
[Black "Martin Gonzalez,An"]
[Result "0-1"]
[WhiteElo "2231"]
[BlackElo "2336"]

1.e4 c5 2.Nc3 Nc6 3.Bb5 Nd4 4.Bc4 g6 5.Nge2 Bg7 6.Nxd4 cxd4 7.Qf3 e6 8.Nb5 d5
9.exd5 a6 10.dxe6 fxe6 11.Na3 Nf6 12.O-O O-O 13.d3 Nd5 14.Qg3 Rf5 15.Re1 b5
16.Bxd5 Qxd5 17.Bd2 Bb7 18.Re2 Raf8 19.Rf1 Be5 20.f4 Bd6 21.h3 e5 22.Re4 exf4
23.Qf2 f3 24.g4 Re5 25.Rfe1 Rxe4 26.dxe4 Qxa2 27.e5 Be7 28.Bh6 Bh4 29.Qxh4 f2+
30.Kh2 Qd5  0-1

[Event "TCh-CAT Div Hon 2013"]
[Site "Catalonia ESP"]
[Date "2013.03.09"]
[Round "8.9"]
[White "Rivas Garcia,V"]
[Black "Degerhammar,T"]
[Result "1-0"]
[WhiteElo "2224"]
[BlackElo "2032"]

1.e4 c5 2.Nc3 Nc6 3.Bb5 d6 4.Bxc6+ bxc6 5.d3 Rb8 6.f4 g6 7.Nf3 Bg7 8.O-O e6
9.Qe1 Ne7 10.e5 d5 11.Qf2 Qa5 12.Bd2 Rxb2 13.Nd1 Rb4 14.a3 Qa4 15.Bxb4 cxb4
16.Nb2 Qa5 17.axb4 Qxb4 18.c4 a5 19.Na4 Nf5 20.Rfb1 Qe7 21.Nb6 O-O 22.Rxa5 f6
23.Qc5 fxe5 24.Qxe7 Nxe7 25.fxe5 Nf5 26.Ra8 Bb7 27.Rxf8+ Bxf8 28.Nd7 Bc8
29.Nxf8 Kxf8 30.Rb8 Ne7 31.Nd4 Kf7 32.Rb6 Bd7 33.c5 g5 34.Kf2 Ng6 35.Nxc6 Bxc6
36.Rxc6 Nxe5 37.Rc7+ Kg6 38.d4 Ng4+ 39.Kg3 h5 40.c6 e5 41.dxe5 Nxe5 42.Rd7 h4+
43.Kf2  1-0

[Event "TCh-AUT 2 West 2012-13"]
[Site "Salzburg AUT"]
[Date "2013.03.09"]
[Round "10.4"]
[White "Drabke,L"]
[Black "Dovzik,J"]
[Result "1/2-1/2"]
[WhiteElo "2411"]
[BlackElo "2350"]

1.e4 c5 2.Nc3 Nc6 3.Bb5 d6 4.Bxc6+ bxc6 5.d3 e5 6.f4 exf4 7.Bxf4 Ne7 8.Qh5 Ng6
9.Bg5 f6 10.Be3 Be6 11.Nge2 Qd7 12.h3 Bf7 13.Ng3 d5 14.Bd2 d4 15.Nd1 Ne5
16.Qe2 c4 17.Nf5 c5 18.b3 c3 19.Bf4 a5 20.O-O h5 21.a4 O-O-O 22.Qf2 Re8 23.Qe1 Rg8
24.Nxc3 dxc3 25.Qxc3 Nc6 26.Be3 Re5 27.Bf4 Re8 28.Be3 Re5 29.Bf4 Re8  1/2-1/2

[Event "TCh-AUT 2 East 2012-13"]
[Site "Austria AUT"]
[Date "2013.03.10"]
[Round "9.4"]
[White "Stranz,R"]
[Black "Wilke,W"]
[Result "1/2-1/2"]
[WhiteElo "2178"]
[BlackElo "2249"]

1.e4 c5 2.Nc3 Nc6 3.Bb5 Nd4 4.Bc4 g6 5.Nf3 Bg7 6.Nxd4 cxd4 7.Qf3 e6 8.Nb5 d6
9.Qa3 Ke7 10.Qd3 e5 11.c3 a6 12.Na3 Be6 13.Bxe6 fxe6 14.cxd4 exd4 15.b3 e5
16.O-O Nf6 17.f4 Nd7 18.Bb2 b5 19.Nc2 Nc5 20.Qf3 Rf8 21.Nb4 Kf7 22.f5 Kg8
23.Nd5 Ra7 24.Ba3 Qg5 25.Bxc5 dxc5 26.d3 gxf5 27.exf5 Raf7 28.Qe4 Kh8 29.f6 Bxf6
30.Rf5 Qg6 31.Nxf6 Rxf6 32.Rxe5 Qf7 33.h3 Rf4 34.Qd5 Rf1+ 35.Rxf1 Qxf1+ 36.Kh2 Qf4+
37.Kg1 Qf2+ 38.Kh2 Qf4+ 39.Kg1  1/2-1/2

[Event "Karpos Open 2013"]
[Site "Skopje MKD"]
[Date "2013.03.10"]
[Round "3.3"]
[White "Pancevski,F"]
[Black "Ivanisevic,I"]
[Result "0-1"]
[WhiteElo "2515"]
[BlackElo "2644"]

1.e4 c5 2.Nc3 Nc6 3.Nf3 g6 4.d4 cxd4 5.Nxd4 Bg7 6.Be3 Nf6 7.Bc4 O-O 8.Bb3 d6
9.h3 Na5 10.O-O a6 11.Qd3 b5 12.Nd5 Bb7 13.Nxf6+ Bxf6 14.Bh6 Re8 15.Bd5 Qb6
16.Rad1 Rac8 17.Bxb7 Nxb7 18.c3 b4 19.Bd2 Nc5 20.Qc2 a5 21.Ne2 Qb5 22.Nf4 bxc3
23.bxc3 Qa4 24.Qxa4 Nxa4 25.Nd5 Bxc3 26.Bxc3 Nxc3 27.Nxc3 Rxc3 28.Rfe1 f6
29.Rd5 Ra8 30.Re2 Kf7 31.g3 a4 32.Rb5 a3 33.Kg2 Ra4 34.Rb7 Rac4 35.Ra7 h5
36.h4 Ke6 37.Ra5 Rb4 38.Ra7 Rb5 39.Kg1 g5 40.hxg5 fxg5 41.Kg2 g4 42.Re1 Rb2
43.e5 d5  0-1

[Event "Karpos Open 2013"]
[Site "Skopje MKD"]
[Date "2013.03.10"]
[Round "3.11"]
[White "Kadric,D"]
[Black "Palac,M"]
[Result "1/2-1/2"]
[WhiteElo "2473"]
[BlackElo "2572"]

1.e4 c5 2.Nc3 Nc6 3.Bb5 Nd4 4.Nf3 a6 5.Bd3 Nc6 6.O-O g6 7.e5 Bg7 8.Re1 f6
9.Be4 Nxe5 10.d4 cxd4 11.Qxd4 d6 12.Qa4+ Qd7 13.Qb3 Rb8 14.Nd4 e6 15.f4 Ne7
16.fxe5 dxe5 17.Nde2 f5 18.Bd3 b5 19.Be3  1/2-1/2

[Event "13th European Seniors"]
[Site "Plovdiv BUL"]
[Date "2013.03.12"]
[Round "2"]
[White "Khazankin,M"]
[Black "Johnsen,Oystein"]
[Result "1-0"]
[WhiteElo "2086"]
[BlackElo "1951"]

1.e4 c5 2.Nc3 Nc6 3.Bb5 g6 4.Nge2 Bg7 5.Bxc6 bxc6 6.d3 d6 7.O-O Nf6 8.h3 O-O
9.f4 e6 10.b3 Nd7 11.Bb2 f5 12.Qe1 Nb6 13.Nd1 Bxb2 14.Nxb2 fxe4 15.dxe4 Ba6
16.c4 Qf6 17.Nd3 Qe7 18.Qa5 Bb7 19.e5 d5 20.Qxc5 Qe8 21.Rac1 Rf7 22.Qe3 Rd8
23.Nc5 Qe7 24.Nxb7 Qxb7 25.c5 Na8 26.Nd4 Re7 27.g4 Nc7 28.a3 Nb5 29.Rfd1 Nxd4
30.Rxd4 Rf8 31.Rb4 Qa6 32.a4 Ref7 33.h4 Qa5 34.Rd4 Qd8 35.Qg3 Rb7 36.b4 a6
37.Rf1 Qb8 38.Qe1 Rbf7 39.Kg2 Qa7 40.Qc3 Qe7 41.Kg3 Qb7 42.Rb1 Rc8 43.Rdd1 Qe7
44.Rf1 Qf8 45.Qc2 Qg7 46.Qd3 Ra7 47.Kh3 Kh8 48.Qd4 Rf8 49.Rf3 Qf7 50.b5 axb5
51.axb5 cxb5 52.Rxb5 h5 53.c6 hxg4+ 54.Kxg4 Qf5+ 55.Kg3 Ra2 56.Rb2 Ra1 57.Rh2 Rc1
58.Qd3 Rxc6 59.Qxf5 Rxf5 60.Ra2 Kg7 61.Ra7+ Rf7 62.Rfa3 Rcc7 63.R7a6 Rfe7
64.Rd6 Kf7 65.Kg4 Rc4 66.Ra8 Rec7 67.Rdd8  1-0

[Event "Karpos Open 2013"]
[Site "Skopje MKD"]
[Date "2013.03.12"]
[Round "5.72"]
[White "Lakinska,Simona"]
[Black "Petkovski,V"]
[Result "0-1"]
[WhiteElo "1673"]
[BlackElo "2158"]

1.e4 c5 2.Nc3 Nc6 3.Bb5 Nd4 4.Bc4 a6 5.a4 d6 6.d3 g6 7.f4 Bg7 8.Nf3 Rb8 9.Nxd4 Bxd4
10.Ne2 Bg7 11.O-O Nf6 12.Qe1 b5 13.axb5 axb5 14.Bb3 Qb6 15.Kh1 c4 16.Ba2 Be6
17.f5 Bd7 18.Ng3 Ra8 19.Be3 Qc7 20.dxc4 bxc4 21.Qb4 Rc8 22.Rad1 Ng4 23.Bd4 Ne5
24.Ne2 O-O 25.Nf4 Nc6 26.Qc3 Nxd4 27.Rxd4 Bxd4 28.Qxd4 Qc5 29.Qxc5 Rxc5 30.fxg6 fxg6
31.Kg1 Ra8 32.Bb1 Rb5 33.Nd5 Rxb2 34.Nxe7+ Kg7 35.Nd5 Ba4 36.Rc1 Bc6 37.Kf2 Bxd5
38.exd5 Ra1  0-1

[Event "Karpos Open 2013"]
[Site "Skopje MKD"]
[Date "2013.03.13"]
[Round "6.94"]
[White "Tevdovski,Zoran"]
[Black "Bozinovic,Bob"]
[Result "0-1"]
[WhiteElo "1720"]
[BlackElo "2051"]

1.e4 c5 2.Nc3 Nc6 3.Bb5 Nd4 4.Nge2 Nxb5 5.Nxb5 a6 6.Na3 d6 7.c4 Nf6 8.d3 g6
9.O-O Bg7 10.Bd2 O-O 11.Bc3 Bd7 12.Nc2 b5 13.b3 Qc7 14.Ne3 e6 15.h3 Rfe8
16.f4 b4 17.Bb2 Ng4 18.Nxg4 Bxb2 19.e5 Bxa1 20.Nf6+ Kg7 21.Qxa1 dxe5 22.Ng4 h5
23.Nxe5 f6 24.Nf3 Bc6 25.Ne1 Rad8 26.Qc1 e5 27.f5 g5 28.Ng3 h4 29.Nh5+ Kf7
30.Qe3 Qd6 31.Qe2 Qd4+ 32.Kh1 Rh8 33.Kh2 e4 34.Kh1 Rde8 35.Nxf6 Kxf6 36.Qd2 exd3
37.a4 Re2  0-1

[Event "86th ch-St Petersburg"]
[Site "St Petersburg RUS"]
[Date "2013.03.15"]
[Round "5.4"]
[White "Kashtanov,R"]
[Black "Donskov,Ana"]
[Result "1-0"]
[WhiteElo "2351"]
[BlackElo "2300"]

1.e4 c5 2.Nc3 Nc6 3.Nge2 Nf6 4.d4 cxd4 5.Nxd4 d6 6.g3 e5 7.Nde2 Be7 8.Bg2 O-O
9.h3 a6 10.a4 Nb4 11.g4 Be6 12.Nd5 Nbxd5 13.exd5 Bd7 14.O-O h5 15.g5 Ne8
16.f4 exf4 17.h4 Bg4 18.Rxf4 Qb6+ 19.Kh2 f6 20.a5 Qc5 21.Re4 Bd8 22.Be3 Qc8
23.c4 fxg5 24.hxg5 g6 25.Qd2 Ng7 26.Nd4 Kh7 27.b3 Qd7 28.Bf4 Bc7 29.Rae1 Rae8
30.Bg3 Bb8 31.b4 Ba7 32.Ne6 Nxe6 33.dxe6 Rxe6 34.Rxe6 Bxe6 35.Qxd6 h4 36.Qxd7+  1-0

[Event "TCh-CAT Div Hon 2013"]
[Site "Catalonia ESP"]
[Date "2013.03.16"]
[Round "9.6"]
[White "Rahal,M"]
[Black "Jose Abril,R"]
[Result "1-0"]
[WhiteElo "2353"]
[BlackElo "2340"]

1.e4 c5 2.Nc3 Nc6 3.Bb5 Na5 4.Nf3 e6 5.O-O a6 6.Be2 d6 7.d4 cxd4 8.Nxd4 Nf6
9.f4 Qc7 10.f5 e5 11.Nb3 h6 12.Nxa5 Qxa5 13.Be3 Bd7 14.Qd2 Rc8 15.Bf3 Be7
16.Rad1 Rc4 17.Nd5 Qxd2 18.Nxf6+ gxf6 19.Rxd2 Bc6 20.b3 Rc3 21.Bb6 Rg8 22.Kf2 Bd7
23.Ba5 Rc6 24.Bb4 Kd8 25.Rfd1 Kc7 26.Bh5 Be8 27.Be2 Kb8 28.g3 Ka7 29.c4 Bd8
30.Rxd6 Bb6+ 31.Kf3 Bd4 32.Rxc6 Bxc6 33.Be7 Rg5 34.g4 h5 35.h3 hxg4+ 36.hxg4 Rg7
37.Rh1 Rg8 38.Bxf6 Rc8 39.Rh8 Be8 40.g5 Kb8 41.c5 Kc7 42.Bc4 Kd7 43.b4 Bc3
44.a3 Bb2 45.Bd5 Kc7 46.g6 fxg6 47.Rh7+ Bd7 48.Be6 gxf5 49.Rxd7+ Kb8 50.Rd2 fxe4+
51.Kxe4  1-0

[Event "TCh-SWE Elite 2012-13"]
[Site "Sweden SWE"]
[Date "2013.03.16"]
[Round "8"]
[White "Kulaots,K"]
[Black "Bator,R"]
[Result "1-0"]
[WhiteElo "2574"]
[BlackElo "2409"]

1.e4 c5 2.Nc3 Nc6 3.Bb5 Nd4 4.Nf3 a6 5.Bd3 e5 6.Nxe5 Qg5 7.Ng4 d5 8.Ne3 c4
9.Bf1 dxe4 10.d3 exd3 11.cxd3 cxd3 12.Bxd3 Be6 13.Be4 Bc5 14.Bxb7 Rd8 15.O-O Nf6
16.Ned5 Qf5 17.Nxf6+ gxf6 18.Be4 Qe5 19.Qa4+ Ke7 20.Be3 f5 21.Bb7 Rhg8 22.Rae1 Qb8
23.Bd5 Rg4 24.Qd1 Qxb2 25.Na4 Qb4 26.Nxc5 Rxd5 27.f3 Rg8 28.Nd3 Qc4 29.Nf4 Rd6
30.Qb1 Nc2 31.Rc1 Qc3 32.Bf2 Rc8 33.Qb7+ Rc7 34.Qb8 Rc8 35.Qb7+ Rc7 36.Qb8 Rc8
37.Qa7+ Rc7 38.Bh4+ Kd7 39.Qf2 Qd4 40.Bg3 Qxf2+ 41.Rxf2 Bxa2 42.Rfxc2 Rxc2
43.Rxc2 Bb3 44.Rc3 Rd1+ 45.Kf2 Ba4  1-0

[Event "TCh-CZE Div1 Zapad 2012-13"]
[Site "Czech Republic CZE"]
[Date "2013.03.17"]
[Round "9.4"]
[White "Folk,P"]
[Black "Prymula,R"]
[Result "1/2-1/2"]
[WhiteElo "2228"]
[BlackElo "2263"]

1.e4 c5 2.Nf3 Nc6 3.Nc3 d6 4.d4 cxd4 5.Nxd4 e5 6.Ndb5 a6 7.Na3 Be6 8.Nc4 Be7
9.g3 Nf6 10.Ne3 O-O  1/2-1/2

[Event "TCh-SWE Elite 2012-13"]
[Site "Sweden SWE"]
[Date "2013.03.17"]
[Round "9"]
[White "Hector,J"]
[Black "Petrov,Marij"]
[Result "1-0"]
[WhiteElo "2539"]
[BlackElo "2512"]

1.e4 c5 2.Nf3 Nc6 3.Nc3 e5 4.Bc4 d6 5.d3 Be7 6.Nd2 Nf6 7.Nf1 O-O 8.Ne3 Be6
9.O-O Nd7 10.a3 Bg5 11.Ncd5 Ne7 12.b4 Bxe3 13.Nxe3 Rc8 14.Bxe6 fxe6 15.Qg4 Rf6
16.Nc4 Rg6 17.Bg5 Qc7 18.Qh4 Nc6 19.c3 b5 20.Nd2 a5 21.a4 bxa4 22.b5 Na7
23.c4 Nb6 24.f4 exf4 25.Qxf4 h6 26.Bh4 Qd7 27.Nf3 Ra8 28.e5 d5 29.Qe3 Rc8
30.Rac1 Qb7 31.h3 a3 32.Qd2 a4 33.Kh1 Rf8 34.Bf2 d4 35.Bh4 Nac8 36.Ra1 Ne7
37.Bxe7 Qxe7 38.Rxa3 Qb7 39.Raa1 Qa8 40.Kh2 Nd7 41.Qe2 h5 42.Ra2 Rf7 43.Nh4 Rh6
44.Rxf7 Kxf7 45.Qf3+ Qxf3 46.Nxf3 Nb6 47.Ng5+ Ke7 48.Ne4 Rh8 49.Nxc5 Ra8
50.Na6 Nd7 51.Rxa4 Nxe5 52.b6 Nc6 53.Nb4  1-0

[Event "86th ch-St Petersburg"]
[Site "St Petersburg RUS"]
[Date "2013.03.19"]
[Round "9.2"]
[White "Kashtanov,R"]
[Black "Usmanov,V"]
[Result "1/2-1/2"]
[WhiteElo "2351"]
[BlackElo "2369"]

1.e4 c5 2.Nf3 Nc6 3.Nc3 d6 4.d4 cxd4 5.Nxd4 Nf6 6.f4 e6 7.Be3 Be7 8.Qf3 e5
9.Nxc6 bxc6 10.f5 Qa5 11.O-O-O Rb8 12.Bc4 O-O 13.Bb3 d5 14.exd5 Bb4 15.Ne4 Nxd5
16.g4 Be7 17.Kb1 Nxe3 18.Qxe3 c5 19.Rd5 Bb7 20.f6 gxf6 21.Ng3 Bxd5 22.Bxd5 c4
23.Bxc4 Bc5 24.Qf3 Rb4 25.Bb3 Rf4 26.Qd5 Bb6 27.Qd7 Rd4 28.Qe7 Qd2 29.a3 Rxg4
30.Nh5 Rg6 31.Nxf6+ Rxf6 32.Qxf6 Qf4 33.Qc6 Rd8 34.Bc4 Rd2 35.Rf1 Bf2 36.Qa8+ Kg7
37.Qg2+ Kh6 38.Qh3+ Kg7 39.Qg2+ Kf6 40.Bd3 h5 41.h4 Ke7 42.Qg7 Qg3 43.Qh7 Qxh4
44.Qf5 Qg3 45.Qxh5 Rxd3 46.Rxf2 Rd1+ 47.Qxd1 Qxf2 48.Qd5 Qd4 49.Qxd4 exd4
50.Kc1 Kd6 51.Kd2 Kd5 52.Kd3 f5 53.b3 f4 54.Ke2 Ke4 55.b4 a6 56.a4 Kd5 57.Kf3 Kc4
58.b5 axb5 59.a5  1/2-1/2

[Event "ch-Moscow w 2013"]
[Site "Moscow RUS"]
[Date "2013.03.22"]
[Round "1.3"]
[White "Charochkina,D"]
[Black "Bukhteeva,V"]
[Result "1-0"]
[WhiteElo "2322"]
[BlackElo "2170"]

1.e4 c5 2.Nf3 Nc6 3.Nc3 d6 4.d4 cxd4 5.Nxd4 Nf6 6.Bg5 e6 7.Qd2 a6 8.O-O-O Bd7
9.f4 h6 10.Bh4 g5 11.fxg5 Ng4 12.Be2 Nge5 13.Nf3 Be7 14.Bg3 hxg5 15.Kb1 Rg8
16.Nxe5 Nxe5 17.Bxe5 dxe5 18.Bh5 Rg7 19.Rhf1 Qc7 20.Rxf7 Rxf7 21.Bxf7+ Kxf7
22.Qxd7 Qxd7 23.Rxd7 b5 24.a4 b4 25.Nd1 Rh8 26.h3 Rh4 27.Nf2 Rf4 28.Rd2 a5
29.Ka2 Kg6 30.Re2 Bd6 31.Ng4 Bc7 32.Kb3 Rf1 33.Rf2 Rxf2 34.Nxf2 Kh5 35.g3 Bb6
36.Ng4  1-0

[Event "44th Marcel Duchamp"]
[Site "Buenos Aires ARG"]
[Date "2013.03.24"]
[Round "2.4"]
[White "Perez Ponsa,F"]
[Black "Fiori,A"]
[Result "1-0"]
[WhiteElo "2476"]
[BlackElo "2128"]

1.e4 c5 2.Nc3 Nc6 3.Bb5 Nd4 4.Bc4 e6 5.Nge2 a6 6.d3 g6 7.Nxd4 cxd4 8.Ne2 Bg7
9.O-O Ne7 10.Bb3 O-O 11.Bf4 d6 12.c3 Nc6 13.Qd2 d5 14.exd5 exd5 15.Bh6 dxc3
16.bxc3 d4 17.Bxg7 Kxg7 18.cxd4 Re8 19.Qb2 Qf6 20.Bd5 Bf5 21.Bxc6 bxc6 22.Qd2 Rad8
23.Rac1 Rd6 24.Rc5 Bg4 25.f3 Bd7 26.Rf2 Rde6 27.Rc4 Qe7 28.Ng3 Re1+ 29.Rf1 Rxf1+
30.Kxf1 Rb8 31.Ne2 Qh4 32.d5 Rb1+ 33.Rc1 Rxc1+ 34.Qxc1 cxd5 35.Qf4 Qf6 36.Kf2 Bf5
37.Ke3 Qe6+ 38.Kd2 Qf6 39.Qd4 Qxd4 40.Nxd4 Bd7 41.Kc3 Kf6 42.Nb3 Ke5 43.g3 g5
44.d4+ Kd6 45.Nc5 Bb5 46.Kd2 Kc6 47.Ke3 Bc4 48.a3 Bb5 49.f4 f6 50.fxg5 fxg5
51.h4 gxh4 52.gxh4 Kd6 53.Kf4 Ke7 54.Ke5 Bc4 55.Ne6 Kd7 56.Nf8+ Kc6 57.Nxh7 Kb5
58.Nf6 Ka4 59.Nxd5 Kxa3 60.Nb6 Be2 61.d5  1-0